Logistická hra
Súťaženie vo vytvorenej logistickej hre sa odohráva medzi určitým počtom logistických reťazcov - výrobca - distribútor - predajca. Základným cieľom súťažiacich skupín je dosiahnutie minimálnych zásob a maximálneho hospodárskeho výsledku.
Enregistré dans:
| Auteur principal: | |
|---|---|
| Autres auteurs: | , |
| Format: | Chapitre de livre |
| Langue: | tchèque |
| Sujets: | |
| Tags: |
Pas de tags, Soyez le premier à ajouter un tag!
|
MARC
| LEADER | 00000naa a2200000 4500 | ||
|---|---|---|---|
| 001 | r043069 | ||
| 005 | 20231003123246.4 | ||
| 041 | 0 | |a cze | |
| 044 | |a CZ | ||
| 245 | 1 | 0 | |a Logistická hra |c Stanislav Ptáček, Radim Lenort, Martin Lampa |
| 520 | |a Súťaženie vo vytvorenej logistickej hre sa odohráva medzi určitým počtom logistických reťazcov - výrobca - distribútor - predajca. Základným cieľom súťažiacich skupín je dosiahnutie minimálnych zásob a maximálneho hospodárskeho výsledku. | ||
| 610 | 2 | 0 | |a reťazce logistické |
| 610 | 2 | 0 | |a hry logistické |
| 100 | 1 | |a Ptáček, Stanislav | |
| 700 | 1 | |a Lenort, Radim | |
| 700 | 1 | |a Lampa, Martin | |